00478nam a2200193 a 4500001001300000003000900013005001700022008004100039020000800080082001600088100001800104245002000122260003400142300000900176500003500185505002700220650001900247700001800266nice12345678IN_TiNIC20260116011711.0050524s1967 dela grp 000 0 eng  ac400a297.63bSAY aSayeed, Ahmad aRasoo Ki Batein aDelhibDeeni Book Depo,c1967 a208p aincludes index and biblioraphy2 a4 parts bound together aIslam-Muhammad1 aSayeed, Ahmad